Consulado alemán y galería de arte en Guadalajara /

Guardado en:
Detalles Bibliográficos
Autor principal: Fischer Villarreal, Valerie Welly (autor)
Formato: Tesis Libro
Idioma:Español
Temas:
Etiquetas: Agrega una etiqueta
Sin etiquetas, Sé el primero en etiquetar este registro!

MARC

LEADER 00000nam^a2200000^a^4500
001 000103654
005 20250521000000.0
009 20260310093355.777
037 |a Acervo ITESO - Biblioteca 
041 |a ESP 
090 |a ARQ. 472 
100 |a Fischer Villarreal, Valerie Welly  |e (autor) 
245 1 0 |a Consulado alemán y galería de arte en Guadalajara /  |c V.W. Fischer Villarreal. 
264 |a Guadalajara, México :  |b edición de autor,  |c 1999 
300 |a 287 p. 
336 |a texto  |b txt  |2 rdacontenido 
337 |a sin mediación  |b n  |2 rdamedio 
338 |a volumen  |b nc  |2 rdasoporte 
502 |a ITESO Tesis de Licenciatura en Arquitectura 
649 |a XX 
650 |a Embajadas y Consulados en Guadalajara, Jalisco 
650 |a Museos y Galerías -  |z Guadalajara, Jalisco 
650 |a Diseño Arquitectónico 
650 |a Arquitectura 
910 |a Fondo General 
920 |a Impresos - Tesis del ITESO 
930 |a Colección General 
905 |a 104 
901 |a 0500039508  |b IT2  |c TSS  |u 20250521 
902 |a https://opac.biblio.iteso.mx/vufind/Record/000103654